Les dieux de l'Enneade dans la mythologie égyptienne - Statistiques

Statistiques générales
  • Ce quiz a été pris 68 fois
  • Le résultat moyen est 5 sur 9
Statistiques - réponses
Dieux de l'Enneade % Correct
Isis
96%
Osiris
96%
Seth
79%
Nephtys
48%
Nout
48%
Geb
44%
Tefnout
31%
Atoum
27%
Shou
27%
Aucun quiz correspondant
Distribution des résultats
% des personnes avec chaque résultat
Percentile par nombre de réponses
Votre historique - résultats
Vous n’avez pas pris ce quiz